Penterjemahan Hadith Kitab al-'Ilm, Sahih Bukhari dalam Bahasa Melayu : kajian terhadap terjemahan terbitan Jabatan Kemajuan Islam Malaysia (JAKIM) dan terbitan Pustaka Nasional Singapura /
Saved in:
| Main Author: | |
|---|---|
| Format: | Thesis Book |
| Language: | Malay |
| Published: |
2019.
|
| Subjects: | |
| Tags: |
Add Tag
No Tags, Be the first to tag this record!
|
| LEADER | 01520cam a2200313 i 4500 | ||
|---|---|---|---|
| 001 | u1121754 | ||
| 003 | SIRSI | ||
| 005 | 201909031150 | ||
| 008 | 190903s2019 my a m 000 0 may | ||
| 040 | |a UMA |d UMM |e rda | ||
| 043 | |a a-my--- |a a-si--- | ||
| 090 | |a BP42 |b A2 UM 2019 Rabab | ||
| 094 | |a BP42 |b A2 UM 2019 Rabab | ||
| 100 | 0 | |a Rabiatul Adawiah Bahrunnizam, |e author. | |
| 245 | 1 | 0 | |a Penterjemahan Hadith Kitab al-'Ilm, Sahih Bukhari dalam Bahasa Melayu : |b kajian terhadap terjemahan terbitan Jabatan Kemajuan Islam Malaysia (JAKIM) dan terbitan Pustaka Nasional Singapura / |c Rabiatul Adawiah binti Bahrunnizam. |
| 264 | 1 | |c 2019. | |
| 300 | |a xxii, 206 leaves : |b illustrations ; |c 30 cm | ||
| 336 | |a text |2 rdacontent | ||
| 337 | |a unmediated |2 rdamedia | ||
| 338 | |a volume |2 rdacarrier | ||
| 502 | |b M.Usuluddin |c Jabatan Al-Quran dan Al-Hadith, Akademi Pengajian Islam, Universiti Malaya |d 2019. | ||
| 504 | |a Bibliography: leaves 199-206. | ||
| 600 | 1 | |a Bukhari, Muhammad ibn Isma`il, |d 810-870. |t Jami` al-sahih. | |
| 650 | 0 | |a Hadith |x Texts |v Translations into Malay. | |
| 710 | 2 | |a Universiti Malaya. |b Jabatan Al-Quran dan Al-Hadith, |e degree granting institution. | |
| 900 | |a ZA | ||
| 596 | |a 1 12 | ||
| 999 | |a BP42 A2 UM 2019 RABAB |w LC |c 1 |i A517118767 |d 19/1/2022 |e 19/1/2022 |f 23/9/2019 |g 1 |l STACKS |m P12ISLAMKL |n 1 |r Y |s Y |t TESIS |u 23/9/2019 |1 AHSS | ||
| 999 | |a BP42 A2 UM 2019 RABAB |w LC |c 1 |i A517372146 |d 13/4/2023 |e 13/4/2023 |f 21/1/2020 |g 1 |l STACKS |m P01UTAMA |n 1 |r Y |s Y |t TESIS |u 14/1/2020 |1 AHSS |o .STAFF. tiada cd dan agreement | ||
